| 000 | 01155nam a2200313 i 4500 | ||
|---|---|---|---|
| 003 | DO-SdBNP | ||
| 005 | 20240503073632.0 | ||
| 007 | ta | ||
| 008 | 230329b2002 sp a|||| |||| 00| 0 spa d | ||
| 020 | _a8426414346 | ||
| 040 |
_aDO-SdBNP _bspa _cBNPHU _erda |
||
| 082 | 4 |
_a863.3 _bC419don 2002 _222 |
|
| 100 | 1 |
_aCervantes Saavedra, Miguel de, _d1547-1616 _93070 |
|
| 245 | 1 | 0 |
_aDon Quijote de la Mancha / _cMiguel de Cervantes Saavedra ; versión José Luis Giménez-Frontín ; ilustraciones Joseph del Castillo, Antonio Carnicero |
| 264 |
_aMadrid : _bLumen, _c2002. |
||
| 300 |
_a215 páginas ; _c19 cm. |
||
| 336 |
_2rdacontent _atexto _btxt |
||
| 337 |
_2rdamedia _asin medición _bn |
||
| 338 |
_2rdacarrier _avolumen _bnc |
||
| 500 | _aEdición especial para la Coca-Cola | ||
| 590 | _aInventariado, 2023/BT | ||
| 650 | 4 |
_aNovela española _91123 |
|
| 650 | 4 |
_aLiteratura española _9632 |
|
| 700 | 1 |
_aCervantes Saavedra, Miguel de, _97816 _d1547-1616 |
|
| 700 | 1 |
_aCastillo, Joseph del, _eilustraciones _983221 |
|
| 700 | 1 |
_aCarnicero, Antonio, _eilustraciones _983222 |
|
| 910 | _aBtavárez/ Validado. Control de calidad MFF | ||
| 942 |
_2ddc _cLBS1 |
||
| 999 |
_c53190 _d53190 |
||